000 00697nam a2200241Ia 4500
003 OSt
005 20220930072429.0
006 a|||||r|||| 00| 0
007 ta
008 220926b |||||||| |||| 00| 0 hin d
024 _a19470
037 _cTheses
040 _aCRL
_cCRL
_bhin
041 _2hin
_ahin
100 _aVerma Sumitra
_9529803
110 _aUniversity of Jiwaji. Faculty of Arts. Department of Hindi
_9529804
245 0 _aShiyaramsharan gupt
_b vakti aur kritatacv
260 _c1973
650 _aHINDI LITERATURE
_923866
700 _aUniversity of Jiwaji. Faculty of Arts. Department of Hindi
_9529805
942 _cDIS
_2CC
999 _c863883
_d863883